000 00963nam a2200229Ii 4500
003 JO-AjNU
005 20240630094449.0
008 230605s9999||||xx |||||||||||||| ||und||
040 _aJO-AjNU
_bara
_erda
_cJO-AjNU
041 _aara
050 1 4 _aTX911.3.2020
100 1 _aخصاونة، احمد عبد العزيز
_eمعد
_965889
245 0 0 _aاثر ابعاد ادارة الجودة الشاملة على الخدمات الفندقية في الاردن = The impact of total quality management dimensions on hotel service in jordan /
_cاعداد احمد عبد العزيز خصاونة ؛إشراف بلال احمد مثاني
260 _c2020
300 _a115 ورقة
336 _atext
_btxt
_2rdacontent
337 _aunmediated
_bn
_2rdamedia
338 _avolume
_bnc
_2rdacarrier
650 4 _aالفنادق - ادارة - ضبط جودة
_959836
700 1 _aالمثاني، بلال احمد
_965043
_eمشرف
942 _2lcc
_cTHS
999 _c30514
_d30514